| 000 | 00780nam a2200253 a 4500 | ||
|---|---|---|---|
| 001 | 33803 | ||
| 003 | BD-RjUL | ||
| 005 | 20211209052048.0 | ||
| 008 | 161222s1996 ii b 001 0 eng | ||
| 020 | _a8171693784 | ||
| 035 | _a(BD-RjUL)33894 | ||
| 040 |
_aDLC _cDLC _beng _dBD-RjUL |
||
| 041 | _aeng | ||
| 082 |
_a304.62072 _bMEP 1996 _223 |
||
| 100 | 1 |
_aMehta, Arun C. _9102648 |
|
| 245 | 1 | 0 |
_aPopulation projections : _bsub-national dimensions / _cArun C. Mehta. |
| 250 | _a1st ed. | ||
| 260 |
_aNew Delhi : _bCommonwealth Publishers, _c1996. |
||
| 300 |
_axviii, 298 p. ; _c22 cm. |
||
| 504 | _aIncludes bibliographical references (p. [279]-291) and index. | ||
| 650 | 0 |
_aPopulation forecasting _xMethodology. _9102649 |
|
| 942 |
_2ddc _cBK |
||
| 999 |
_c33803 _d33803 |
||